Beauty masks & scrubs

Bibliographic Details
Main Author: Stavert, Elaine
Format: Book
Published: Sussex : Guild of Master Craftsman Pub. , 2010
Subjects:

MARC

LEADER 00000cam a2200000 7i4500
001 0000041555
005 20140804.0
008 140804
020 |a 1861086921 
090 0 0 |a 646.726   |b STA 
100 1 |a Stavert, Elaine 
245 1 0 |a Beauty masks & scrubs   |c Elaine Stavert 
260 |a Sussex :   |b Guild of Master Craftsman Pub. ,   |c 2010 
650 0 |a Beauty, personal 
650 0 |a Cosmetics 
650 0 |a Skin   |x Care and hygine 
999 |a 0001293656   |b Book   |c Adult Collection   |e Perbadanan Perpustakaan Awam Johor